Statistiques concernant Focus sur: Sylvebarbe - Tolkien

Cliquez ici pour prendre le quiz!

Statistiques générales

  • Ce quiz a été pris 43 fois
  • Le résultat moyen est 7 sur 11

Statistiques - réponses

Informations recherchéesRéponses% Correct
Ages durant lesquels il vécutPremier/Deuxième/Troisième/Quatrième
100%
Profession et titreGardien de la forêt de Fangorn
93%
EspèceEnt
88%
Fangorn
88%
Première apparitionLe Seigneur des Anneaux: Les Deux Tours
88%
Autre nomFangorn
73%
Clos sylvestre d’Orthanc
66%
ContréesForêts du Beleriand
32%
Autre traduction du nomBarbebois
24%
Acteur le doublant dans les films (VO)John Rhys-Davies
22%
EpouseMembrejonc
10%

Distribution des résultats

Percentile par nombre de réponses

% des personnes avec chaque résultat

Votre développement - résultats

Vous n’avez pas pris ce quiz